000 00286nam a2200121Ia 4500
005 20251028132345.0
008 251020t2013||||xx |||||||||||||| ||spa||
041 _aspa
100 _aBlossiers Mazzini, Juan José
245 0 _aManual de derecho bancario
260 _c2013
942 _CLB
_cLB
999 _c906
_d906